000 01861cam a2200457 i 4500
001 data
005 20260322212121.0
008 data
035 _a18580228
906 _a7
_bcbc
_ccopycat
_d2
_encip
_f20
_gy-gencatlg
925 0 _aacquire
_b1 shelf copies
_xpolicy default
010 _a 2013910602
020 _a0989038904
020 _a9780989038904
035 _a(OCoLC)855957445
040 _aYDXCP
_beng
_cYDXCP
_dDLC
_dOCLCO
_dOCLCQ
_dCCX
_dOCLCF
_dDLC
042 _alccopycat
050 0 0 _aG465
_b.P573 2013
082 0 4 _a910.4
_223
245 0 4 _aThe places we've been :
_bfield reports from travelers under 35 /
_cedited by Asha Veal Brisebois.
250 _aFirst edition.
264 1 _aChicago :
_bThe Places We've Been Books,
_c2013.
300 _axii, 386 pages ;
_c23 cm
336 _atext
_btxt
_2rdacontent
337 _aunmediated
_bn
_2rdamedia
338 _avolume
_bnc
_2rdacarrier
520 _a"The Places We've Been: Field Reports from Travelers Under 35 offers a peer-written collection of 48 vivid and transportive, personal and original nonfiction pieces that portray contemporary snapshots across the globe."--Cover.
650 0 _aTravelers' writings.
650 0 _aTravel
_vAnecdotes.
650 0 _aTravelers
_vAnecdotes.
650 0 _aVoyages and travels
_vAnecdotes.
650 7 _aTravel.
_2fast
_0(OCoLC)fst01155558
650 7 _aTravelers.
_2fast
_0(OCoLC)fst01155691
650 7 _aTravelers' writings.
_2fast
_0(OCoLC)fst01155719
650 7 _aVoyages and travels.
_2fast
_0(OCoLC)fst01169308
655 7 _aAnecdotes.
_2fast
_0(OCoLC)fst01423876
655 7 _aAnecdotes.
_2lcgft
_0https://id.loc.gov/authorities/genreForms/gf2014026044
700 1 _aBrisebois, Asha Veal,
_eeditor.
999 _c1846
_d1846